000
00277 a2200109 4500
020
_a
9789361596964
100
_a
David M. Levine
245
_a
Even you can learn statistics and analytics: an easy to understand guide
250
_a
4th
260
_b
Pearson
_c
2025
942
_c
OO
999
_c
115977
_d
115976